[Event "FIDE Moscow Grand Prix 2017"]
[Site "Moscow"]
[Date "2017.05.12"]
[Round "1"]
[White "Vachier-Lagrave, Maxime"]
[Black "Adams, Michael"]
[Result "1/2-1/2"]
[WhiteElo "2795"]
[BlackElo "2747"]
[Annotator "TA"]
[PlyCount "53"]
[EventDate "2017.??.??"]
[EventType "tourn"]
[EventCountry "RUS"]
[SourceTitle "playchess.com"]
[Source "ChessBase"]
[SourceQuality "1"]

{[%evp 26,53,19,20,43,30,34,25,26,26,75,0,8,1,9,11,1,4,13,16,6,12,20,20,20,16,26,27,12,0]} 1. e4 e5 2. Nf3 Nc6 3. Bb5 {[%cal Bf1b5,Bb5a4,Ba4b3][%mdl 32]} a6 4. Ba4 Nf6 5. O-O Be7 6. Re1 b5 7. Bb3 O-O 8. c3 d5 9. exd5 Nxd5 10. Nxe5 Nxe5 11. Rxe5 c6 12. d3 Bd6 13. Re1 Bf5 14. Qf3 Bg6 {[#] C89: Closed Ruy Lopez: Marshall Attack} 15. Be3 $146 ({Predecessor:} 15. Na3 Bxa3 16. bxa3 Nxc3 17. Bd2 Nd5 18. Rac1 Rc8 19. Rc5 Re8 20. Rec1 Qd7 21. h4 h5 22. Qg3 {½-½ (41) Grischuk,A (2752)-Svidler,P (2745) Novosibirsk 2016}) 15... Nxe3 16. Rxe3 Qg5 {White has an edge.} 17. Na3 a5 18. Rae1 ({White should try} 18. Qxc6 $16 Bxa3 19. bxa3) 18... a4 19. Bd1 Bf4 $132 {[%mdl 2048] Black is not keeping still} 20. h4 Qf6 21. Re7 {[#] aiming for h5.} Bd2 22. Qxf6 gxf6 23. R1e2 Bc1 24. Rc2 $1 {[%cal Rc2c1]} Bh6 25. Be2 Rfe8 26. Rxe8+ Rxe8 27. g4 {Precision: White = 48%, Black = 76%.} 1/2-1/2

[Event "FIDE Moscow Grand Prix 2017"]
[Site "Moscow"]
[Date "2017.05.12"]
[Round "1"]
[White "Giri, Anish"]
[Black "Gelfand, Boris"]
[Result "1/2-1/2"]
[WhiteElo "2785"]
[BlackElo "2724"]
[Annotator "TA"]
[PlyCount "67"]
[EventDate "2017.??.??"]
[EventType "tourn"]
[EventCountry "RUS"]
[SourceTitle "playchess.com"]
[Source "ChessBase"]
[SourceQuality "1"]

{[%evp 15,67,45,38,35,50,35,35,46,43,11,8,17,5,12,35,39,47,46,40,46,46,43,44,44,60,56,81,26,25,16,31,10,23,13,14,0,6,4,11,6,20,17,9,3,14,0,0,0,166,0,0,0,0,0]} 1. e4 c5 2. Nc3 Nc6 3. Nf3 g6 4. d4 cxd4 5. Nxd4 Bg7 6. Be3 Nf6 7. Bc4 O-O 8. Bb3 d5 9. exd5 {B35: Sicilian: Accelerated Dragon with 5 Nc3: main line} Na5 $1 10. Qd2 (10. Qf3 Nxb3 11. axb3 Bg4 12. Qg3 Bh5 13. d6 Ng4 14. O-O-O Qa5 15. dxe7 Rfe8 16. Qd6 Be5 {1-0 (36) Ponomariov,R (2709)-Gelfand,B (2743) Tashkent 2016}) 10... Nxb3 11. Nxb3 {White is slightly better.} b5 12. Nxb5 {Hoping for c4.} Qxd5 (12... Ne4 $5 {[%cal Re4d2]} 13. Qb4 (13. Qd3 Bf5 $11) 13... a6 $14) 13. Qxd5 Nxd5 {[%cal Bf6d5,Bd5b4,Bb4a2][%mdl 32]} 14. Bd4 Nb4 15. O-O-O $146 ({Predecessor:} 15. Na3 Bf5 16. Bxg7 Kxg7 {1-0 (42) Wagner,B (1846)-Grueninger,M (1425) Verden 2015}) 15... Nxa2+ 16. Kb1 Nb4 17. Bxg7 Kxg7 18. Rhe1 Bf5 19. N3d4 Kf6 20. Nxf5 gxf5 21. Rd4 (21. c3 $16 Nc6 22. Nc7) 21... a5 $11 22. g4 Rg8 23. h3 h5 {[%cal Rh5g4]} 24. gxf5 Rad8 25. Rf4 Rd5 26. Nc3 $36 {[%mdl 2048] [#] And now Rxb4 would win. White is more active.} Rxf5 27. Ne4+ Kg6 28. Rxf5 Kxf5 {[%mdl 4096] Endgame KRN-KRN} 29. Ng3+ Kg6 $1 30. Rxe7 Rd8 {[%cal Rd8d1] [#]} 31. Kc1 Na2+ 32. Kb1 Nb4 {[%cal Rd8d1]} 33. Kc1 Na2+ 34. Kb1 {Precision: White = 60%, Black = 77%.} 1/2-1/2

[Event "FIDE Moscow Grand Prix 2017"]
[Site "Moscow"]
[Date "2017.05.12"]
[Round "1"]
[White "Mamedyarov, Shakhriyar"]
[Black "Vallejo Pons, Francisco"]
[Result "1/2-1/2"]
[WhiteElo "2772"]
[BlackElo "2710"]
[Annotator "TA"]
[PlyCount "59"]
[EventDate "2017.??.??"]
[EventType "tourn"]
[EventCountry "RUS"]
[SourceTitle "playchess.com"]
[Source "ChessBase"]
[SourceQuality "1"]

{[%evp 18,59,41,32,44,14,16,23,19,22,24,19,22,14,19,21,23,17,19,16,20,6,13,6,6,6,6,5,13,14,15,9,12,12,17,0,0,0,0,0,0,0,0,0]} 1. d4 d5 2. c4 e6 3. Nc3 a6 4. cxd5 exd5 5. Nf3 c6 6. e4 {D31: Queen's Gambit Declined: Semi-Slav without ...Nf6 (+ Marshall Gambit and Noteboom) and Exchange Variation lines without ...Nf6} dxe4 7. Ng5 Be7 8. Bc4 Nh6 9. Ngxe4 (9. Ncxe4 Bf5 10. d5 O-O 11. O-O cxd5 12. Bxd5 Nc6 13. h3 Nb4 14. Bb3 Qd3 {½-½ (14) Hammer,J (2630)-Andreikin,D (2734) chess.com INT 2017}) 9... Nf5 10. d5 {LiveBook: 3 Games} O-O 11. Bf4 cxd5 12. Nxd5 Nc6 $146 ({Predecessor:} 12... Be6 13. O-O {½-½ (53) Vakhidov,J (2525)-Xu,Y (2463) Al Ain 2015}) 13. O-O Be6 14. Re1 Bxd5 15. Bxd5 Bb4 (15... Nfd4 $5 {[%cal Rd8d5]} 16. Bxc6 bxc6 $14) 16. Nc3 Nfd4 17. Be4 ({Much worse is} 17. Qh5 g6 $17) 17... Re8 {The position is equal.} 18. Re3 g6 19. h4 (19. Bxc6 $5 Rxe3 20. Bxe3 (20. Bxb7 Re8 $14) 20... Nxc6 21. Nd5 $14) 19... Ne6 20. Qxd8 Raxd8 21. Bxc6 bxc6 22. Rae1 Be7 23. g3 Nxf4 24. Rxe7 Rxe7 25. Rxe7 $11 {KRN-KRN} Nd5 26. Re4 Nxc3 27. bxc3 Rd5 28. Rc4 Kf8 29. Kf1 Ke7 30. Rxc6 {Precision: White = 81%, Black = 94%.} 1/2-1/2

[Event "FIDE Moscow Grand Prix 2017"]
[Site "Moscow"]
[Date "2017.05.12"]
[Round "1"]
[White "Nepomniachtchi, Ian"]
[Black "Hou, Yifan"]
[Result "0-1"]
[WhiteElo "2751"]
[BlackElo "2652"]
[Annotator "TA"]
[PlyCount "120"]
[EventDate "2017.??.??"]
[EventType "tourn"]
[EventCountry "RUS"]
[SourceTitle "playchess.com"]
[Source "ChessBase"]
[SourceQuality "1"]

{[%evp 15,120,15,18,9,8,-51,-45,-40,-60,-95,-40,-43,-39,-38,-33,-48,-45,-51,-53,-58,-48,-88,-67,-127,-93,-90,-73,-188,-198,-202,-187,-191,-191,-191,-191,-191,-157,-191,-195,-182,-205,-212,-167,-256,-235,-257,-230,-228,-202,-173,-170,-215,-208,-196,-189,-252,0,-200,0,-197,-177,-174,-177,-214,-213,-239,-208,-278,-277,-331,-322,-323,-322,-323,-325,-316,-314,-332,-314,-449,-424,-446,-439,-426,-437,-455,-402,-431,-440,-433,-440,-420,-424,-560,-551,-562,-543,-577,-525,-556,-550,-572,-577,-547,-530,-589,-577]} 1. c4 e6 2. Nc3 d5 3. d4 Nf6 4. cxd5 Nxd5 5. e4 Nxc3 6. bxc3 c5 7. Rb1 Be7 {D35: Queen's Gambit Declined: Exchange Variation} 8. Bb5+ Bd7 {LiveBook: 3 Games} 9. Bxd7+ Nxd7 $146 {The position is equal.} ({Predecessor:} 9... Qxd7 10. d5 exd5 11. exd5 O-O 12. Nf3 Bf6 13. O-O b5 14. Bf4 Bxc3 15. Qd3 {½-½ (48) Aronian,L (2785)-Vallejo Pons,F (2709) Sharjah 2017}) 10. Rxb7 ({White should play} 10. Nf3 $11) 10... cxd4 $1 $15 11. cxd4 Nb6 $1 (11... Qc8 $6 12. Rb2 $14) 12. Qd2 Qc8 ({Black should try} 12... Bf6 $17 {aiming for ...Qc8.} 13. Qf4 Qxd4) 13. Rxe7+ $1 Kxe7 14. Nf3 f6 {Hoping for ...Qc4.} 15. O-O $1 Kf7 16. e5 f5 17. g4 Rd8 18. Qg5 {[#]} Kg8 $1 ({Don't play} 18... fxg4 $6 19. Qh5+ (19. Qxg4 Kg8 $11) 19... Kg8 20. Ng5 $11) 19. Qh5 (19. gxf5 $15 exf5 20. Nh4) 19... Rf8 20. Ba3 {Black must now prevent Ng5.} Qc6 21. Ng5 (21. Bxf8 $17 {was the only defense.} Rxf8 22. Nh4) 21... h6 $19 22. Rc1 {[#]} Qd7 $1 23. Bxf8 Rxf8 24. Nh3 ({Not} 24. Nf3 $2 Nd5 $19) 24... Qxd4 25. gxf5 Qxe5 26. Qg6 Rf6 ({Don't do} 26... Qxf5 27. Qxf5 Rxf5 28. Kg2) 27. Qg4 Rxf5 28. Qg3 Qd4 29. Re1 (29. Qe3 $142 Qxe3 30. fxe3) 29... Rf6 30. Qg2 Nd5 {Strongly threatening ...Qc3.} 31. Kh1 Qd3 32. Rg1 {[%csl Gg1][%cal Rg2g7]} Qf3 33. Rb1 Qf5 34. Rg1 {[%csl Gg1][%cal Rg2g7]} Rf7 35. Re1 (35. Qg4 $142) 35... Rf6 36. Rg1 $1 {[%csl Gg1][%cal Rg2g7]} Qf3 37. Rb1 $1 Qh5 38. Rg1 {[%csl Gg1][%cal Rg2g7]} Rf7 $36 {[%mdl 2048] White is under strong pressure.} 39. Re1 Qf5 40. Qg3 Rc7 41. Ng1 Nf4 42. Rd1 Kh7 43. Qf3 Rc2 44. a3 e5 45. Re1 Qg6 46. h3 Nd3 47. Rf1 (47. Re2 $142 Rc3 48. a4) 47... Rc3 48. Qg4 Qxg4 49. hxg4 Rxa3 {[%mdl 4096] Endgame KRN-KRN} 50. Nf3 Ra4 51. g5 h5 52. Kg2 Rg4+ 53. Kh2 a5 {[%cal Ba7a5,Ba5a4][%mdl 32]} 54. Ra1 {Black is clearly winning.} a4 55. Ra2 e4 56. Nd4 Rxg5 57. Rxa4 Nxf2 58. Ra7 Ng4+ 59. Kh3 Re5 60. Nc6 Rd5 {Precision: White = 46%, Black = 77%.} 0-1

[Event "FIDE Moscow Grand Prix 2017"]
[Site "Moscow"]
[Date "2017.05.12"]
[Round "1"]
[White "Harikrishna, Pentala"]
[Black "Hammer, Jon Ludvig"]
[Result "1/2-1/2"]
[WhiteElo "2750"]
[BlackElo "2621"]
[Annotator "TA"]
[PlyCount "184"]
[EventDate "2017.??.??"]
[EventType "tourn"]
[EventCountry "RUS"]
[SourceTitle "playchess.com"]
[Source "ChessBase"]
[SourceQuality "1"]

{[%evp 13,184,0,0,0,0,-2,0,-6,0,-8,0,-10,4,12,14,-3,6,-12,-10,-20,-24,-22,-7,-14,0,-16,-16,-18,-25,-36,-38,-41,-44,-49,-41,-88,-22,-27,0,-14,-20,-90,-90,-90,-90,-90,-89,-89,-90,-105,-90,-89,-81,-81,-81,-81,-81,-81,-82,-83,-87,-107,0,-22,-22,-22,-22,-22,-22,-22,-22,-22,-22,-22,-22,-22,-15,-22,-12,-12,0,0,0,0,0,0,0,0,0,0,0,-10,-10,-10,-10,-10,0,-10,-10,-10,-10,-10,-10,-10,-10,-10,-10,-10,-10,-10,-10,-10,-10,-10,-10,-10,-10,-10,-10,-10,-10,-10,-10,-10,-10,-10,-10,-10,-10,-10,-10,-10,0,-10,-10,-17,0,-10,0,0,0,0,0,0,0,-10,-2,-10,-10,-10,-10,-10,0,0,0,0,0,0,0,0,0,0,0,0,0,0,0,0,0,0,0,0,0]} 1. d4 Nf6 2. c4 e6 3. Nc3 Bb4 4. e3 O-O 5. Bd3 d5 6. cxd5 exd5 7. Nge2 Bd6 8. Nb5 {E48: Nimzo-Indian: Rubinstein: 5 Bd3 d5 including 6 Ne2, but excluding 6 a3} (8. O-O Re8 9. Bd2 a5 10. Rc1 b6 11. Ng3 Ba6 12. Bxa6 Nxa6 13. Qa4 Nb4 14. Nf5 Bf8 15. a3 c5 16. Ng3 g6 {½-½ (64) Naiditsch,A (2722)-Hou,Y (2676) Dortmund 2015}) 8... Be7 9. Bd2 a6 10. Nbc3 c5 $146 ({Predecessor:} 10... c6 11. O-O Nbd7 12. Rc1 Re8 13. Ng3 Nf8 14. Nce2 Bd6 {1-0 (40) Haase,E-Lahn,H Schleswig Holstein 1989}) 11. dxc5 Bxc5 12. Nd4 Bxd4 13. exd4 Qb6 14. O-O Qxd4 15. Bg5 Nc6 16. Bxf6 Qxf6 17. Nxd5 Qxb2 18. Rb1 Qxa2 19. Nb6 Rb8 {aiming for ...Be6.} 20. Nc4 $1 {[#]} ({Reject} 20. Nxc8 Rfxc8 21. Be4 Rd8 $17) 20... Bf5 $1 {[%cal Rf5d3][%mdl 512]} 21. Ra1 {[#]} (21. Bxf5 Qxc4) 21... Qxa1 $1 {[%mdl 512]} 22. Qxa1 Bxd3 23. Rc1 Rbd8 24. Ne3 Nd4 ({Better is} 24... Rd6 $17) 25. Rd1 $11 Nc2 26. Nxc2 Bxc2 27. Rc1 (27. Rd4 $11) 27... Be4 $17 28. h4 Bc6 29. Rc5 Rd6 30. Rg5 {[%csl Gg5][%cal Ra1g7]} f6 31. Rg4 Rfd8 32. Kh2 h5 33. Rf4 Rd2 34. Qc3 R8d5 35. Qe3 a5 36. Qe6+ {[#]} Kf8 $1 37. Qc8+ {[#]} Rd8 ({Black should try} 37... Kf7 $1 $17 38. Qc7+ Kg8 39. Qc8+ Kf7 40. Qc7+ Kg8 41. Qc8+ Kf7) 38. Qe6 {The position is equal.} R8d4 39. Qc8+ Kf7 {Hoping for ...a4.} 40. Qc7+ Kg6 41. Qxa5 Rxf4 42. Qxd2 Rxh4+ $11 {[%mdl 4096] Endgame KQ-KRB} 43. Kg1 Rg4 44. g3 Ra4 45. Qc2+ Kh6 {( -> ...Ra1+)} 46. f3 h4 47. Qd2+ g5 48. Qd8 Kg7 ({Much weaker is} 48... hxg3 $6 49. Qxf6+ Kh7 50. Qxg5 $16) 49. Qe7+ Kg6 50. g4 Ra1+ (50... Rf4 $5 {[%cal Rf4f3]} 51. Qf8 Bd5 $15) 51. Kf2 Ra2+ 52. Ke3 Ra8 {White must now prevent ...Re8.} 53. Kf2 $1 h3 54. Kg3 Rh8 (54... h2 $5 55. Kxh2 Bxf3 $15) 55. Kh2 Bxf3 56. Qe6 {Strongly threatening Qf5+.} Bc6 57. Qf5+ Kg7 58. Qc5 Re8 59. Kxh3 Re5 60. Qd6 Kf7 61. Kg3 Re6 62. Qc7+ Re7 63. Qb6 Bd5 64. Qd4 Be4 65. Qc4+ Kg7 66. Qb4 Re8 67. Qd6 Kg6 68. Qb4 Bc6 69. Qd6 Re3+ 70. Kh2 Re4 71. Kg3 Kf7 72. Qc7+ Ke6 73. Qc8+ Ke7 74. Kf2 Kd6 75. Qf8+ Kd5 76. Kg3 Re3+ 77. Kf2 Re6 78. Qd8+ Kc4 79. Qb6 (79. Qc8 $5 {[%cal Rc8e6]} Re4 80. Kg3 $15) 79... Re4 80. Kg3 Rf4 81. Kh3 Rf3+ 82. Kh2 f5 83. gxf5 g4 84. Kg1 Rh3 {Threatens to win with ...g3.} 85. Qc7 {And now Qf4+ would win.} g3 {[%csl Gc6][%cal Rh3h1]} 86. Qf4+ Kc5 {[%csl Gc6][%cal Rh3h1]} 87. Qe3+ Kd6 {[%csl Gc6][%cal Rh3h1]} 88. Qe6+ Kc7 {[%csl Gc6][%cal Rh3h1]} 89. Qe7+ Kb6 {[%csl Gc6][%cal Rh3h1]} 90. Qb4+ Kc7 {[%csl Gc6][%cal Rh3h1]} 91. Qe7+ Kb6 {[%csl Gc6][%cal Rh3h1]} 92. Qb4+ Kc7 {Precision: White = 69%, Black = 71%.} 1/2-1/2

[Event "FIDE Moscow Grand Prix 2017"]
[Site "Moscow"]
[Date "2017.05.12"]
[Round "1"]
[White "Inarkiev, Ernesto"]
[Black "Nakamura, Hikaru"]
[Result "1/2-1/2"]
[WhiteElo "2727"]
[BlackElo "2786"]
[Annotator "TA"]
[PlyCount "51"]
[EventDate "2017.??.??"]
[EventType "tourn"]
[EventCountry "RUS"]
[SourceTitle "playchess.com"]
[Source "ChessBase"]
[SourceQuality "1"]

{[%evp 26,51,16,8,16,16,16,16,16,16,18,18,18,18,18,19,15,14,14,0,0,0,0,0,0,0,0,0]} 1. d4 Nf6 2. c4 e6 3. Nf3 d5 4. Nc3 Be7 5. Bf4 O-O 6. e3 c5 7. dxc5 Bxc5 8. cxd5 Nxd5 9. Nxd5 exd5 10. a3 Nc6 11. Bd3 Bb6 12. O-O Bg4 13. h3 Bh5 14. b4 {The position is equal.} a6 {D37: Queen's Gambit Declined: 5 Bf4} 15. Rb1 (15. Rc1 d4 16. g4 Bg6 17. e4 Re8 18. Re1 Rc8 19. Bc4 Qf6 20. Bg5 Qd6 21. e5 Qd7 22. Qb3 {1-0 (44) Svidler,P (2741)-Harikrishna,P (2758) Shenzhen 2017}) 15... d4 16. b5 axb5 17. Rxb5 (17. Bxb5 Rxa3 18. g4 Bg6 $17) 17... Bxf3 18. Qb1 $146 ({Predecessor:} 18. Qxf3 dxe3 19. Bxe3 Bxe3 20. Qxe3 Re8 21. Qg3 Qe7 22. Rfb1 Rxa3 23. Rxb7 Qf8 24. R7b3 Rxb3 25. Rxb3 g6 26. Bc4 {½-½ (26) Matic,D (2243)-Perez,B (2374) Chessfriend.com 2005}) 18... Bc7 19. Bxh7+ Kh8 20. gxf3 {[#] aiming for Rh5.} Bxf4 (20... Rxa3 $2 21. Rh5 $18) 21. exf4 Ne7 {Threatens to win with ...g6.} ({Of course not} 21... Rxa3 $6 22. Be4 $16) 22. Rh5 {Bg8+! would kill now.} ({Don't play} 22. Rxb7 g6 $17) (22. Be4 $5 {[%cal Rb5h5]} f5 23. Bxf5 $14 (23. Bxb7 Rxa3 24. Rd1 d3 $14)) 22... Ra5 23. Bf5+ Kg8 {[#] Strongly threatening ...g6.} 24. Bh7+ Kh8 25. Bf5+ Kg8 {Hoping for ...g6.} 26. Bh7+ 1/2-1/2

[Event "FIDE Moscow Grand Prix 2017"]
[Site "Moscow"]
[Date "2017.05.12"]
[Round "1"]
[White "Radjabov, Teimour"]
[Black "Ding, Liren"]
[Result "1/2-1/2"]
[WhiteElo "2710"]
[BlackElo "2773"]
[Annotator "TA"]
[PlyCount "89"]
[EventDate "2017.??.??"]
[EventType "tourn"]
[EventCountry "RUS"]
[SourceTitle "playchess.com"]
[Source "ChessBase"]
[SourceQuality "1"]

{[%evp 19,89,26,43,10,34,35,32,35,34,31,23,20,33,25,17,24,32,22,25,21,30,28,32,30,35,12,25,25,25,27,23,22,24,22,22,20,33,33,33,35,45,38,39,50,50,19,19,26,20,14,15,0,29,0,17,14,14,16,20,14,18,14,14,12,12,13,16,0,0,0,40,0]} 1. d4 d5 2. c4 c6 3. Nf3 Nf6 4. e3 e6 5. Bd3 Nbd7 6. b3 Bd6 7. Bb2 O-O 8. Nbd2 b6 9. O-O Bb7 10. Qe2 c5 11. Rad1 {E14: Queen's Indian: Classical Variation (4 e3)} (11. e4 $5 {[%cal Re4e5]} dxe4 12. Nxe4 (12. Bxe4 Qc8 $11) 12... Nxe4 13. Bxe4 Bxe4 14. Qxe4 $14) 11... Ne4 (11... cxd4 12. Nxd4 Nc5 13. Bb1 Re8 14. cxd5 exd5 15. Nf5 Ba6 16. Nc4 Be5 17. Bxe5 Rxe5 18. Qb2 Re6 {½-½ (61) Grischuk,A (2747)-Ding,L (2778) Wenzhou 2016}) 12. cxd5 exd5 13. Ba6 $146 ({Predecessor:} 13. Ne5 cxd4 14. exd4 Ndf6 15. f3 Nxd2 16. Qxd2 Rc8 17. Qg5 Rc7 18. Qh4 h6 {1-0 (42) Renaux,O (1964)-Chancerel,D (1858) Caen 2011}) 13... Bxa6 14. Qxa6 Re8 15. dxc5 Ndxc5 16. Qe2 Rc8 17. Rc1 Bf8 18. Rfd1 Qe7 19. Nb1 Qb7 20. Nc3 Red8 21. Rc2 a6 22. h3 b5 23. Rdc1 Ne6 24. Qd3 Rc5 25. Ne2 Rdc8 26. Nfd4 Rxc2 27. Rxc2 N4c5 28. Qd1 Nxd4 29. Bxd4 Ne6 30. Rd2 a5 31. Bb2 Rc5 32. Nd4 Nxd4 33. Bxd4 Rc6 34. Bb2 Rc5 35. Bd4 Rc6 36. Bb2 Rc5 37. a3 Qc6 38. Kh2 h6 39. g3 b4 40. a4 Be7 41. Bd4 Rc1 42. Qg4 {[%csl Gd4][%cal Rg4g7] [#]} Bf6 43. Bxf6 Qxf6 44. Kg2 Rc5 (44... Qa6 $5 {[%cal Ra6f1]} 45. Qf5 Qf1+ 46. Kf3 Rc5 $11) 45. Qf3 {Precision: White = 65%, Black = 82%.} 1/2-1/2

[Event "FIDE Moscow Grand Prix 2017"]
[Site "Moscow"]
[Date "2017.05.12"]
[Round "1"]
[White "Tomashevsky, Evgeny"]
[Black "Svidler, Peter"]
[Result "1/2-1/2"]
[WhiteElo "2696"]
[BlackElo "2755"]
[Annotator "TA"]
[PlyCount "49"]
[EventDate "2017.??.??"]
[EventType "tourn"]
[EventCountry "RUS"]
[SourceTitle "playchess.com"]
[Source "ChessBase"]
[SourceQuality "1"]

{[%evp 19,49,19,14,12,32,0,0,0,0,0,0,0,0,-29,-16,-23,-18,-23,-12,-20,0,-151,0,0,0,0,0,0,0,0,0,0]} 1. d4 Nf6 2. c4 g6 3. Nc3 d5 4. Nf3 Bg7 5. h4 c6 6. Bg5 h6 7. Bxf6 Bxf6 8. e3 e6 9. Qc2 Nd7 10. O-O-O O-O 11. Kb1 {D55: Queen's Gambit Declined: 4 Bg5 Be7: Lines without ...h6 and 6...h6 7 Bxf6} Bg7 12. g4 (12. Bd3 a6 13. cxd5 cxd5 14. e4 dxe4 15. Bxe4 Qb6 16. g4 Rd8 17. Na4 Qa5 18. g5 h5 {0-1 (58) Jakovenko,D (2738)-Bacrot,E (2704) Montpellier 2015}) 12... Qe7 13. cxd5 exd5 14. Bd3 Nb6 $146 ({Predecessor:} 14... b6 15. h5 g5 16. Bf5 Re8 17. Rhe1 {1-0 (44) Barros Rivadeneira,C (2243)-Tominga,E (2064) Al Ain 2013}) 15. Rhg1 Bd7 16. Ne5 (16. h5 {seems wilder.} g5 17. Ka1 Rad8 18. Bh7+ Kh8 19. Bf5) 16... Bxe5 17. dxe5 Qxe5 ({Reject} 17... Qxh4 $6 18. Bxg6 $1 {[%mdl 512]} Qe7 19. Bf5 $16 (19. Bh7+ Kg7 $14)) 18. f4 Qxe3 {[#]} 19. Bxg6 $1 {[%mdl 512]} Qxf4 (19... fxg6 20. Qxg6+) 20. g5 $2 {[#]} (20. Rdf1 $11 Qd4 21. Bd3) 20... fxg6 $2 (20... Nc4 $1 $17 {[%cal Rc4e3]} 21. Rde1 (21. gxh6 Kh8 $17) 21... Ne5) 21. Qxg6+ $11 {The position is equal.} Kh8 22. Qxh6+ Kg8 {Strongly threatening ...Qf7.} 23. Qg6+ Kh8 {...Bf5+ is the strong threat.} 24. Qh6+ Kg8 {Hoping for ...Qf7.} 25. Qg6+ 1/2-1/2

[Event "FIDE Moscow Grand Prix 2017"]
[Site "Moscow"]
[Date "2017.05.12"]
[Round "1"]
[White "Salem, A R Saleh"]
[Black "Grischuk, Alexander"]
[Result "1/2-1/2"]
[WhiteElo "2633"]
[BlackElo "2750"]
[Annotator "TA"]
[PlyCount "21"]
[EventDate "2017.??.??"]
[EventType "tourn"]
[EventCountry "RUS"]
[SourceTitle "playchess.com"]
[Source "ChessBase"]
[SourceQuality "1"]

{[%evp 20,21,22,0]} 1. d4 Nf6 2. c4 g6 3. g3 c6 4. Bg2 d5 5. cxd5 cxd5 6. Nf3 Bg7 7. Ne5 {D73: Fianchetto Grünfeld: 5 Nf3} Ne4 $146 ({Predecessor:} 7... O-O 8. Nc3 e6 9. O-O Nfd7 10. f4 Nc6 11. Be3 Nb6 12. Bf2 Ne7 13. a4 a5 14. Qb3 Rb8 15. Rfc1 Bd7 16. g4 Be8 17. e3 Nbc8 18. Nb5 Nd6 19. Nxd6 Qxd6 20. Be1 b6 21. Qa3 Qxa3 22. Rxa3 {1-0 (38) Korobov,A (2695)-Rodshtein,M (2701) Poikovsky 2017}) 8. Nd2 Nf6 9. Nb1 Ne4 10. Nd2 Nf6 11. Nb1 {LiveBook: 186 Games} 1/2-1/2